000 01080nam a2200241M 4500
001 oilpaintingforam00hill
003 CaSfIA
005 20210118194313.0
007 cr||||
008 951122s19uu enk 000 0 eng d
040 _aUKMGB
_cUKMGB
_dCaSfIA
016 7 _a011286801
_2Uk
035 _a(OCoLC)499887153
100 1 _aHill, Leslie.
245 1 0 _aOil painting for the amateur with hints on colour mixing.
_h[electronic resource]
260 _aEnfield :
_bReeves & Sons,
_c[19--]
300 _a20 p.
856 4 1 _uhttp://www.archive.org/details/oilpaintingforam00hill
_zFree eBook from the Internet Archive
856 4 2 _uhttp://www.openlibrary.org/books/OL24215724M
_zAdditional information and access via Open Library
942 _cEB
506 _fНеобхідна авторизація на https://archive.org/ (створення облікового запису безкоштовно)
506 _fНеобхідна авторизація на https://openlibrary.org/ (створення облікового запису безкоштовно)
999 _c532437
_d532437